000 00480nam a22001937a 4500
003 MPLRDC
005 20220104125432.0
008 210129b ||||| |||| 00| 0 eng d
020 _a7-5360-2426-6
082 _a857.9 WRA-12 v.1
100 _a温瑞安
245 _a乱世情怀. 上
_c
250 _a一版一刷
260 _a
_b花城出版社
_c1996
300 _b
490 _a温瑞安现代武侠系列
650 _a武侠小说
942 _cBK
_o857.9 WRA-12 v.1
999 _c27341
_d27331